000 00529nam a2200193Ia 4500
003 OSt
005 20220926041441.0
006 a|||||r|||| 00| 0
007 ta
008 220923b |||||||| |||| 00| 0 eng d
037 _cGeneral Book
040 _aRTL
_cRTL
_beng
041 _2eng
_aeng
082 _aX:54.2r, P1/GD/TD
100 _aINDIA,COMMERCE AND INDUSTRY
245 0 _aExport and import policy.
942 _hX:54.2r, P1/GD/TD
_cGB
_2CC
999 _c667243
_d667243